| 000 | 00724nam a2200217Ii 4500 | ||
|---|---|---|---|
| 003 | JO-AjNU | ||
| 008 | 230605s9999||||xx |||||||||||||| ||und|| | ||
| 017 | _a2001/3018 | ||
| 020 | _a99901-519-0-3 | ||
| 040 |
_aJO-AjNU _bara _erda _cJO-AjNU |
||
| 041 | _aara | ||
| 050 | 1 | 4 | _aKMF1126.W37.2001 |
| 100 | 3 |
_aالورقاء، علي محسن عبدالله, _eauthor _952998 |
|
| 245 | 0 | 0 | _aحقوق العمال وكيفية احتسابها |
| 264 | 3 | 1 | _aالبحرين : علي محسن عبدالله الورقاء، 2001 |
| 300 | _a209ص | ||
| 336 |
_atext _btxt _2rdacontent |
||
| 337 |
_aunmediated _bn _2rdamedia |
||
| 338 |
_avolume _bnc _2rdacarrier |
||
| 650 | 4 |
_aحقوق العمال -- البحرين _952999 |
|
| 999 |
_aA23510 _c27078 _d27078 |
||